Bon Jovi songs by lyrics - multiple choice quiz - Statistics

General Stats
  • This quiz has been taken 30 times
  • The average score is 12 of 20
Answer Stats
Question Answer % Correct
An angel's smile is what you sell You promised me Heaven, then put me through Hell You give love a bad name
89%
Father father please believe me I am laying down my guns Keep the faith
81%
She says, "We've gotta hold on to what we've got It doesn't make a difference if we make it or not Livin' on a prayer
81%
I'll be there 'til the stars don't shine 'Til the heavens burst and the words don't rhyme Always
78%
I got a jones for your affection like a monkey on my back There ain't no paramedic gonna save this heart attack Bad medicine
78%
So you sit home alone 'cause there's nothin' left that you can do There's only pictures hung in the shadows left there to look at you Runaway
74%
This is for the ones who stood their ground It's for Tommy and Gina who never backed down It's my life
63%
If you're ready, I'm willing and able Help me lay my cards out on the table Lay your hands on me
63%
Sometimes I sleep, sometimes it’s not for days The people I meet always go their separate ways Wanted dead or alive
63%
Close the door, leave the cold outside I don't need nothing when I'm by your side Born to be my baby
59%
Remember when we lost the keys and You lost more than that in my backseat, baby Never say goodbye
59%
And you won't save me anymore I'm praying to God you'll give me one more chance, girl I'll be there for you
56%
Señorita's in the kitchen, she's a fistful of dynamite You call 911, but you can't stop the fun tonight, it's alright Social disease
56%
Now you've come back here to say you're sorry, huh I just don't know who you're talking to Shot through the heart
52%
Every time I look at you Baby, I see something new All about lovin' you
48%
Take you higher than you've ever known Then drive you down to your knees In and out of love
44%
Fight was all you knew, they're all the same There's no one left to take the blame Only lonely
41%
It's alright (alright) if you want to cross that line To break on through to the other side Let it rock
33%
Or is it right to hold you And kiss your lips goodnight Living in sin
30%
There's nothing left I can say If only she would look my way She don't know me
30%
No matching quizzes found
Score Distribution
Percent of People with Each Score
Percentile by Number Answered
Your Score History
You have not taken this quiz